000 00934nam a2200253Ia 4500
003 OSt
005 20221005112604.0
006 a|||||r|||| 00| 0
007 ta
008 221004b |||||||| |||| 00| 0 urd d
020 _a9789383392681 (hbk)
_cINR 395.00
024 _a45075
037 _b1045, 02/02/2019, H.K. Prakashan
_cTextual
040 _aCRL
_cCRL
_burd
041 _2urd
_aurd
082 _aO168,1N11x, 153Q8
100 _aਕਲਸੀ, ਸੁਰਜੀਤ, ਥਦ.
245 0 _aਖ਼ੈਗ਼ ਅਹਿਮਦ ਖ਼ੈਗ਼ ਦਾ ਕਾਵਿ-ਸਾਗਰ
260 _aਚੰਡੀਗੜ੍ਹ
_bਲੋਕਗੀਤ ਪ੍ਰਕਾFਨ ਭਾਰਤ
_c2018
300 _a267ਪ੍ਰ0
_ccm.
650 _aਉਰਦੂ ਸਾਹਿਤ
942 _hO168,1N11x, 153Q8
_cTEXL
_2cc
999 _c1025346
_d1025346